000
00299nam a22001337a 4500
008
170606b xxu||||| |||| 00| 0 eng d
020
_a
9780072825770
041
_a
eng
080
_2
4TH
_a
94
100
_a
18
101
_a
SHH
245
_a
READINGS IN SOCIAL THEORY
_c
FARGAINS,J
942
_2
udc
_c
BK
999
_c
16046
_d
16046